UBT Library

From critical thinking to argument : (Record no. 42345)

000 -LEADER
fixed length control field 00790cam a22002657a 4500
001 - CONTROL NUMBER
control field 13593069
005 - DATE AND TIME OF LATEST TRANSACTION
control field 20180213034958.0
008 - FIXED-LENGTH DATA ELEMENTS--GENERAL INFORMATION
fixed length control field 040514s2005 maua b 001 0 eng d
010 ## - LIBRARY OF CONGRESS CONTROL NUMBER
LC control number 2004107371
020 ## - INTERNATIONAL STANDARD BOOK NUMBER
International Standard Book Number 0312436262
020 ## - INTERNATIONAL STANDARD BOOK NUMBER
International Standard Book Number 0312438745
035 ## - SYSTEM CONTROL NUMBER
System control number (CStRLIN)PASGA2800964-B
040 ## - CATALOGING SOURCE
Original cataloging agency PSt
Transcribing agency PSt
Modifying agency DLC
041 ## - LANGUAGE CODE
Language code of text/sound track or separate title eng
042 ## - AUTHENTICATION CODE
Authentication code lccopycat
080 ## - UNIVERSAL DECIMAL CLASSIFICATION NUMBER
Universal Decimal Classification number 808.042711 BAR
082 00 - DEWEY DECIMAL CLASSIFICATION NUMBER
Classification number 808.042711 BAR
Edition number 22
100 1# - Rafti
Rafti 47
101 ## - Shkurtesa
Shkurtesa EDU
245 10 - TITLE STATEMENT
Title From critical thinking to argument :
Statement of responsibility, etc Sylvan Barnet, Hugo Bedau.
504 ## - BIBLIOGRAPHY, ETC. NOTE
Bibliography, etc Includes bibliographical references and index.
906 ## - LOCAL DATA ELEMENT F, LDF (RLIN)
a 7
b cbc
c copycat
d 2
e epcn
f 20
g y-gencatlg
942 ## - ADDED ENTRY ELEMENTS (KOHA)
Source of classification or shelving scheme
Item type Books
Holdings
Withdrawn status Lost status Source of classification or shelving scheme Damaged status Not for loan Collection code Permanent location Current location Shelving location Date acquired Total Checkouts Full call number Barcode Date last seen Price effective from Koha item type
          Koleksioni i përgjithshem UBT - Lipjan UBT - Lipjan Koleksioni i përgjithshem 02/13/2018   808.042711 BAR 002-2998069 02/13/2018 02/13/2018 Books
UBT Library © 2015-2024. All rights reserved University Education for Business and Technology